[Event "Abu Dhabi Masters op"]
[Site "Abu Dhabi"]
[Date "1999.08.27"]
[Round "6"]
[White "Guliev, Logman"]
[Black "Prasad, Devaki V"]
[Result "1-0"]
[WhiteElo "2425"]
[BlackElo "2432"]

1.e4 c5 2.Nf3 e6 3.d4 cxd4 4.Nxd4 a6 5.Nc3 b5 6.g3 Bb7 7.Bg2 Nf6 8.O-O b4
9.Na4 Bxe4 10.Bxe4 Nxe4 11.Re1 d5 12.Nxe6 fxe6 13.Qh5+ g6 14.Qe5 Qf6 15.Rxe4 Qxe5
16.Rxe5 Kf7 17.Re2 Nc6 18.Be3 Bg7 19.Bc5 Rhe8 20.a3 a5 21.Kg2 Rac8 22.Rd1 bxa3
23.bxa3 Rb8 24.Nb6 Rb7 25.Rd3 Bf6 26.Rf3 Reb8 27.g4 g5 28.Na4 e5 29.Nc3 Ke6
30.Rd2 d4 31.Ne4 Rf7 32.c3 h6 33.Re2 Bg7 34.Rd3 Kd5 35.f3 Rf4 36.cxd4 exd4
37.Rc2 Be5 38.Bf8 Rfxf8 39.Rc5+ Ke6 40.Rxc6+ Kd7 41.Rc2 Rfc8 42.Re2 Bg7 43.h4 gxh4
44.f4 a4 45.f5 Rb3 46.f6 Rxd3 47.fxg7 Re3 48.Nf6+ Ke7 49.Rf2 Rg3+ 50.Kh2 Kf7
51.Ne8+  1-0

[Event "USA-ch (Women)"]
[Site "Salt Lake City"]
[Date "1999.08.27"]
[Round "5"]
[White "Groberman, Elina"]
[Black "Sagalchik, Olga"]
[Result "0-1"]
[WhiteElo "2062"]
[BlackElo "2137"]

1.e4 c5 2.Nf3 e6 3.d4 cxd4 4.Nxd4 a6 5.Nc3 b5 6.g3 b4 7.Nce2 Bb7 8.Bg2 Nf6
9.Qd3 Be7 10.O-O d6 11.c3 bxc3 12.Nxc3 Nbd7 13.b3 O-O 14.Bb2 Rc8 15.Rac1 Qa5
16.Rfe1 Ng4 17.Qe2 Nge5 18.Red1 Rfd8 19.Kh1 Nc6 20.Nxc6 Rxc6 21.Nd5 Bf8 22.b4 Qxa2
23.Rxc6 Bxc6 24.Ra1 Bb5 25.Qd2 Qb3 26.Ra3 Qc4 27.Rc3 Qe2 28.Qxe2 Bxe2 29.Nf4 Bb5
30.Rc7 Ne5 31.Bh3 Nf3 32.Bg4 Ne5 33.Bh3 Nd3 34.Nxd3 Bxd3 35.Bg2 Rb8 36.Ba3 g6
37.Kg1 Bh6 38.Bf1 Bxe4 39.Bxa6 Bd2 40.b5 Ba5 41.Rc8+ Rxc8 42.Bxc8 Bc7 43.b6 Bb8
44.Bb2 e5 45.Bc1 Kg7 46.Kf1 Kf6 47.Ke2 Bc6 48.Kd3 Ke7 49.Kc4 Kd8 50.Bh3 f5
51.f4 Kd7 52.fxe5 dxe5 53.Bg5 Bd6 54.Be3 Bf3 55.Kb5 Be2+ 56.Ka5 Kc6 57.Bg2+ e4
58.Bh3 Be5 59.Kb4 Bf6 60.Bg2 g5 61.Bh3 g4 62.Bg2 h5 63.Bf2 Bg5 64.Bg1 Bd2+
65.Kb3 Bd3 66.Bd4 Ba5 67.Kb2 Bxb6 68.Be5 Kd5 69.Bf4 Kc4 70.Kc1 Bg1 71.h3 e3
72.hxg4 hxg4 73.Kd1 Bf2  0-1

[Event "Pyramiden Franken Cup"]
[Site "Fuerth"]
[Date "1999.08.28"]
[Round "8"]
[White "Hoffmann, Michael"]
[Black "Florea, Dan"]
[Result "1-0"]
[WhiteElo "2439"]
[BlackElo "2263"]

1.e4 c5 2.Nf3 e6 3.d4 cxd4 4.Nxd4 a6 5.Nc3 Qc7 6.Be2 Nc6 7.O-O Nf6 8.Be3 Bd6
9.Kh1 Bf4 10.Qd2 Bxe3 11.Qxe3 O-O 12.Rad1 d6 13.Nxc6 bxc6 14.Qg3 Ne8 15.f4 e5
16.fxe5 dxe5 17.Na4 Qa5 18.b3 Nc7 19.Rd6 Ne6 20.Bc4 Nf4 21.Rxc6 Qd2 22.Qf2 Rd8
23.Rc5 Be6 24.h3 Bxc4 25.Rxc4 h5 26.Rc5 f6 27.Nb6 Qxf2 28.Rxf2 Rd1+ 29.Kh2 Rad8
30.Rc8 h4 31.Rxd8+ Rxd8 32.Nd5 Nxd5 33.Rd2 Rc8 34.exd5 Kf8 35.d6 Kf7 36.c4 Ke6
37.c5 Kd7 38.b4 a5 39.a3 axb4 40.axb4 f5  1-0

[Event "EU-ch U14"]
[Site "Litohoto"]
[Date "1999.09.04"]
[Round "2"]
[White "Timofeev, Artjem"]
[Black "Wegerle, Joerg"]
[Result "1-0"]
[WhiteElo "2391"]
[BlackElo "2132"]

1.e4 c5 2.Nf3 e6 3.d4 cxd4 4.Nxd4 a6 5.Nc3 Qc7 6.Bd3 Nf6 7.O-O Nc6 8.Nb3 b5
9.a3 Be7 10.f4 d6 11.Qf3 Bb7 12.Bd2 O-O 13.Qh3 Rfd8 14.Rae1 g6 15.f5 exf5
16.exf5 Ne5 17.Bg5 Ne8 18.Bxe7 Qxe7 19.Be4 Rac8 20.f6 Qd7 21.Qh6 Ng4 22.Qh4 Bxe4
23.Rxe4 Ngxf6 24.Rxf6 Nxf6 25.Qxf6 Re8 26.Nd2 Re6 27.Qd4 f5 28.Rxe6 Qxe6
29.Nf3 Rc4 30.Qb6 Kg7 31.h3 f4 32.Qxa6 Qe3+ 33.Kh2 Qf2 34.Qxb5 Rc7 35.Qd3 Rc5
36.Qxd6 Qg3+ 37.Kg1 Rh5 38.Ne4  1-0

[Event "EU-ch U16"]
[Site "Litohoto"]
[Date "1999.09.05"]
[Round "3"]
[White "Grigoriants, Sergey"]
[Black "Toth, Gergely"]
[Result "1-0"]
[WhiteElo "2413"]
[BlackElo "2120"]

1.e4 c5 2.Nf3 e6 3.Nc3 a6 4.d4 cxd4 5.Nxd4 Qc7 6.Bd3 Nf6 7.O-O b5 8.Qe2 d6
9.Bg5 Nbd7 10.a4 bxa4 11.Nxa4 Be7 12.Nc3 Qb7 13.Nb3 Ne5 14.f4 Nxd3 15.Qxd3 O-O
16.Kh1 Rd8 17.Qg3 Qc7 18.e5 Ne8 19.Nb5 Qd7 20.Rfe1 d5 21.Bxe7 Qxe7 22.N5d4 Bd7
23.Ra5 Nc7 24.Qf2 g6 25.g3 Kg7 26.Rea1 Rdb8 27.Kg1 Bb5 28.Qd2 Be8 29.Kf2 Bd7
30.Qe3 h5 31.R1a2 Kh7 32.Nc5 Bb5 33.Qa3 Qe8 34.b3 Qe7 35.Ncxe6 Qxa3 36.Ng5+ Kg7
37.R2xa3 Bd7 38.Rc5 Rb7 39.h4 Re8 40.Ra1 Bg4 41.Rc6 Kg8 42.Ke3 Ra7 43.Ra5 Kg7
44.Rac5 Re7 45.Rb6 Bd7 46.Ra5 Kg8 47.Ngf3 Ra8 48.Ne1 Kf8 49.Nd3 Rc8 50.Rc5 Ke8
51.Nb4  1-0

[Event "POR-ch"]
[Site "Lisbon"]
[Date "1999.09.09"]
[Round "2"]
[White "Fernando, Diego"]
[Black "Guerra, Victor"]
[Result "1/2-1/2"]
[WhiteElo "2221"]
[BlackElo "2120"]

1.e4 c5 2.Nf3 e6 3.d4 cxd4 4.Nxd4 a6 5.Nc3 Qc7 6.g3 Nc6 7.Bg2 Nf6 8.O-O Be7
9.Nb3 d6 10.f4 O-O 11.g4 b5 12.g5 Nd7 13.a3 Bb7 14.Rf3 f6 15.Rh3 fxg5 16.fxg5 g6
17.Qg4 Nd8 18.Rh6 Rf7 19.Nd4 Nf8 20.Be3 Rb8 21.h4 Bc8 22.Qg3 b4 23.axb4 Rxb4
24.Rb1 Rg7 25.h5 Nf7 26.Nf3 Nxh6 27.gxh6 Rf7 28.Ng5 Bxg5 29.Bxg5 Qc5+ 30.Be3 Qc7
31.Bf4 Rb6 32.Be3 Rb8 33.Bh3 e5 34.Bg2 Be6 35.Bf2 Qe7 36.Nd1 Rc8 37.Ne3 Rf4
38.b3 Qf6 39.Rd1 Rc6 40.c4 Bf7 41.Nd5 Bxd5 42.exd5 Rc7 43.Be3 Nd7 44.hxg6 hxg6
45.Bxf4 exf4 46.Qg4 Nf8 47.Re1 Rf7 48.Re8 Kh7 49.Qf3 Kxh6 50.Bf1 Qd4+ 51.Qf2 Qf6
52.Qf3 Qd4+ 53.Qf2 Qf6  1/2-1/2

[Event "Artek olJ"]
[Site "Artek"]
[Date "1999.09.11"]
[Round "2"]
[White "Balogh, Csaba"]
[Black "Haddad, Mohammed"]
[Result "0-1"]
[WhiteElo "2235"]
[BlackElo "2229"]

1.e4 c5 2.Nf3 e6 3.d4 cxd4 4.Nxd4 a6 5.Nc3 b5 6.Bd3 Qb6 7.Nb3 Qc7 8.O-O Bb7
9.f4 d6 10.a3 Nf6 11.Qe1 Nbd7 12.Qg3 h5 13.Bd2 h4 14.Qh3 Be7 15.Rae1 e5 16.Kh1 Nb6
17.Na5 Bc8 18.f5 Bd7 19.Qf3 Nh5 20.b4 Bf6 21.Nd5 Nxd5 22.exd5 Ke7 23.Kg1 Kf8
24.Nc6 Rc8 25.Be4 Bxc6 26.dxc6 Bd8 27.Qd3 Nf6 28.Bf3 e4 29.Bxe4 Nxe4 30.Rxe4 Qxc6
31.Bf4 Bb6+ 32.Kh1  0-1

[Event "CRO-chT"]
[Site "Pula"]
[Date "1999.09.11"]
[Round "3"]
[White "Videki, Sandor"]
[Black "Jurkovic, Hrvoje"]
[Result "1/2-1/2"]
[WhiteElo "2445"]
[BlackElo "2370"]

1.e4 c5 2.Nf3 e6 3.d4 cxd4 4.Nxd4 a6 5.Nc3 Qc7 6.g3 Nc6 7.Bg2 d6 8.O-O Bd7
9.Re1 Nf6 10.Nxc6 bxc6 11.Na4 d5 12.exd5 cxd5 13.c4 Bb4 14.cxd5 Bxe1 15.dxe6 Bxe6
16.Qxe1 O-O 17.Bf4 Qc2 18.Bxa8 Rxa8 19.Qd1 Qf5 20.Nb6 Re8 21.Qa4 g5 22.Be3 Qf3
23.Qd1 Qb7 24.Qf1 Ng4 25.Qg2 Qxg2+ 26.Kxg2 Nxe3+ 27.fxe3 Rd8 28.Kf3 Rd2 29.b3 Rxh2
30.e4 g4+ 31.Kf4 Rf2+ 32.Ke5 Rg2 33.Kf4 f6 34.Nd5 Kg7 35.Rc1 Rf2+ 36.Ke3 Rf3+
37.Kd4 Rxg3 38.Rc7+ Bf7 39.Ne7 Rg1 40.Nf5+ Kg6 41.Nh4+ Kg5 42.Rxf7 Kxh4 43.Rxh7+ Kg3
44.Ra7 Rd1+ 45.Kc5 Kf4 46.Rf7 Kg5 47.Rg7+ Kh5 48.Rg8 Rg1 49.a4 g3 50.Kb6 Kh4
51.Kxa6 Rb1 52.Rh8+ Kg4 53.Rf8 g2 54.Rxf6 g1=Q 55.Rg6+ Kf4 56.Rxg1 Rxg1 57.a5 Kxe4
58.Kb6 Rg6+ 59.Kb7 Rg5 60.Kb6 Kd5 61.a6 Rg6+ 62.Kb5 Rg7 63.Kb6 Rg6+ 64.Kb5 Rg7  1/2-1/2

[Event "Artek olJ"]
[Site "Artek"]
[Date "1999.09.12"]
[Round "3"]
[White "Inarkiev, Ernesto"]
[Black "Haddad, Mohammed"]
[Result "1/2-1/2"]
[WhiteElo "2423"]
[BlackElo "2229"]

1.e4 c5 2.Nf3 e6 3.d4 cxd4 4.Nxd4 a6 5.Nc3 b5 6.Bd3 Qb6 7.Nb3 Qc7 8.O-O Bb7
9.Qe2 d6 10.f4 Nd7 11.Be3 Ngf6 12.Bd4 b4 13.Nd1 e5 14.Bf2 a5 15.Bh4 a4 16.fxe5 dxe5
17.Nd2 Bc5+ 18.Kh1 O-O 19.c3 a3 20.cxb4 axb2 21.Nxb2 Bxb4 22.Nbc4 Ba6 23.Rac1 Bxd2
24.Qxd2 Qa7 25.Bf2 Qb8 26.Rb1 Qe8 27.Rfc1 Qe6 28.Qe2 Rfd8 29.Rc3 Rdc8 30.Qc2 Nc5
31.Rb6 Nxd3 32.Rxe6 Nxf2+ 33.Qxf2 Nxe4 34.Qf5 Bxc4 35.Qxe4 Bxe6 36.h3 Rxc3
37.Qxa8+ Rc8 38.Qb7 e4 39.a4 e3 40.Qe4 Bd7 41.Qxe3 Bxa4 42.Qd3 Bc6 43.Kh2 g6
44.g4 Re8 45.Kg3 Be4 46.Qe3 Re6 47.Qb3 g5 48.h4 gxh4+ 49.Kxh4 h6 50.Qe3 Kh7  1/2-1/2

[Event "Artek olJ"]
[Site "Artek"]
[Date "1999.09.16"]
[Round "6"]
[White "Balogh, Csaba"]
[Black "Guseinov, Elmir"]
[Result "0-1"]
[WhiteElo "2235"]
[BlackElo "2301"]

1.e4 c5 2.Nf3 e6 3.d4 cxd4 4.Nxd4 a6 5.Nc3 Qc7 6.Be3 Nf6 7.Bd3 b5 8.O-O Bb7
9.a3 Nc6 10.Nxc6 Qxc6 11.f4 Be7 12.Qe2 O-O 13.Rad1 b4 14.axb4 Bxb4 15.Bd4 Bc5
16.Bxc5 Qxc5+ 17.Kh1 Qb4 18.e5 Nd5 19.Ne4 f5 20.Nd6 Bc6 21.c4 Ne7 22.Bb1 Rab8
23.Rd2 Qa5 24.Rd3 Qa1 25.b3 Ng6 26.Qd2 Qa3 27.Qc2 Qb4 28.Qd1 Qa3 29.Qc2 a5
30.Rh3 a4 31.bxa4 Qxh3 32.Kg1 Qe3+ 33.Kh1 Nxf4 34.Rg1 Qxe5  0-1

[Event "Budapest FS09 IM-B"]
[Site "Budapest"]
[Date "1999.09.16"]
[Round "13"]
[White "Ruiz Gonzalez, Guillermo"]
[Black "Valenti, Giuseppe"]
[Result "1/2-1/2"]
[WhiteElo "2309"]
[BlackElo "2227"]

1.e4 c5 2.Nf3 e6 3.d4 cxd4 4.Nxd4 a6 5.Nc3 Qc7 6.Be2 Nf6 7.a3 Nc6 8.Be3 Be7
9.O-O O-O 10.f4 d6 11.Kh1 Bd7 12.Qe1 b5 13.Nxc6 Bxc6 14.Bd3 Qb7 15.Bd4 b4
16.axb4 Qxb4 17.Bxf6 Bxf6 18.e5 dxe5 19.fxe5 Qg4 20.Rg1 Be7 21.Be4 Rfc8 22.h3 Qh4
23.Qxh4 Bxh4 24.g3 Be7 25.Bxc6 Rxc6 26.Rad1 Bb4 27.Na2 Ba5 28.Rg2 Bc7 29.Re2 Rc5
30.Rde1 a5 31.Nc1 a4 32.Nd3 Rc4 33.Ra1 Rd8 34.Kg2 h6 35.Ra3 Rb8 36.Kf3 Rb5
37.c3 Rd5 38.Nb4 Ra5 39.Nd3 Rd5 40.Nb4 Ra5 41.Nd3  1/2-1/2

[Event "CRO-chT"]
[Site "Pula"]
[Date "1999.09.17"]
[Round "8"]
[White "Armanda, Ivica"]
[Black "Cucancic, Sinisa"]
[Result "1-0"]
[WhiteElo "2346"]
[BlackElo "2248"]

1.e4 c5 2.Nf3 e6 3.d4 cxd4 4.Nxd4 a6 5.Nc3 Qc7 6.Be2 b5 7.Bf3 Bb7 8.O-O d6
9.Re1 Be7 10.a3 Nf6 11.Bg5 Nbd7 12.g3 O-O 13.Bg2 h6 14.Be3 Ne5 15.h3 Nc4
16.Bc1 Rfd8 17.Qe2 Rac8 18.Nf3 d5 19.exd5 Nxd5 20.Nxd5 Bxd5 21.Nh2 Bxg2 22.Kxg2 Rd5
23.Nf3 Bf6 24.c3 Rcd8 25.Kh2 a5 26.Be3 Nxe3 27.Qxe3 Qc4 28.Qe4 Qb3 29.Re2 Rc8
30.Rae1 Rc4 31.Qe3 Rc8 32.Qb6 Qa4 33.Rxe6 Rcd8 34.Rxf6 gxf6 35.Qxf6 R5d6
36.Qf5 Qc4 37.Re4 Qc6 38.Ne5 Qd5 39.Rd4 Qe6 40.Rg4+  1-0

[Event "Donne Haas mem"]
[Site "Bonnevoie"]
[Date "1999.09.22"]
[Round "5"]
[White "Upton, Timothy J"]
[Black "Arkhangelsky, Boris"]
[Result "1/2-1/2"]
[WhiteElo "2295"]
[BlackElo "2425"]

1.e4 c5 2.Nf3 e6 3.d4 cxd4 4.Nxd4 a6 5.Nc3 Qc7 6.Be2 Nc6 7.O-O Nf6 8.Be3 Bb4
9.Na4 Be7 10.c4 d6 11.Nc3 O-O 12.f4 Bd7 13.Rc1 Rac8 14.b3 Qb8 15.a4 Nxd4
16.Bxd4 Bc6 17.Bf3 b6 18.Qe2 Nd7 19.Nd5 Bd8 20.Nb4 Bb7 21.e5 dxe5 22.fxe5 Nc5
23.Rc3 Be7 24.Nc2 Rcd8 25.Bxb7 Qxb7 26.Rcf3 h6 27.Kh1 Rd7 28.Rg3 Qe4 29.Re3 Qh7
30.Ref3 a5 31.Bg1 Bg5 32.Nd4 Qg6 33.Nc6 Rc8 34.Bxc5 bxc5 35.Nxa5 Ra7 36.b4 cxb4
37.Nb3 Rxa4 38.Rxf7 Qxf7 39.Rxf7 Kxf7 40.h4 Be7 41.c5 Ra7 42.Qf1+ Kg8 43.Qc4 Rac7
44.Nd4 Kh8 45.Nxe6 Rc6 46.Qg4 Bf8 47.Nf4 b3 48.Ng6+ Kg8 49.Qc4+ Kh7 50.Nxf8+ Rxf8
51.Qe4+ Kh8 52.Qxc6 Rf1+ 53.Kh2 b2 54.Qa8+ Kh7 55.Qe4+ Kh8 56.Qa8+  1/2-1/2

[Event "Wch U20"]
[Site "Yerevan"]
[Date "1999.09.24"]
[Round "7"]
[White "Leskiewicz, Maksymilian"]
[Black "Khamrakulov, Ibragim S"]
[Result "0-1"]
[WhiteElo "2206"]
[BlackElo "2383"]

1.e4 c5 2.Nf3 e6 3.d4 cxd4 4.Nxd4 a6 5.Nc3 Qc7 6.Bd3 Nc6 7.Nxc6 dxc6 8.O-O Nf6
9.Kh1 Bc5 10.f4 e5 11.f5 b5 12.Qf3 h5 13.Nd1 Bb7 14.a4 O-O-O 15.b4 Bxb4 16.Be3 Ba5
17.Nf2 Bc3 18.Rab1 Bd4 19.axb5 axb5 20.c4 Ng4 21.Nxg4 hxg4 22.Qg3 Qd6 23.cxb5 Bxe3
24.bxc6 Bf4 25.cxb7+ Kb8 26.Qe1 Rxh2+ 27.Kg1 Qd4+  0-1

[Event "EU-ch U20 Girls"]
[Site "Patras"]
[Date "1999.10.05"]
[Round "1"]
[White "Kucypera, Anna"]
[Black "Mladenovic, Jelica"]
[Result "1/2-1/2"]
[WhiteElo "2218"]
[BlackElo "2023"]

1.e4 c5 2.Nf3 e6 3.d4 cxd4 4.Nxd4 a6 5.Nc3 Qc7 6.g3 Nf6 7.Bg2 Nc6 8.O-O Be7
9.Nb3 O-O 10.f4 d6 11.a4 b6 12.Be3 Bb7 13.Qe2 Nd7 14.Rad1 Rac8 15.g4 Bf6
16.g5 Bxc3 17.bxc3 Ne7 18.Bd4 e5 19.fxe5 dxe5 20.Bf2 Ng6 21.Qg4 Rcd8 22.Bg3 Nc5
23.Rxd8 Rxd8 24.Nxc5 Qxc5+ 25.Bf2 Qxc3 26.Bxb6 Rd2 27.Qf3 Qxf3 28.Bxf3 Rxc2
29.Rd1 h6 30.Rd8+ Kh7 31.gxh6 Nh4 32.Bd1 Rg2+ 33.Kf1 Bxe4 34.hxg7 Kxg7 35.Bg1 Ra2
36.Bf2 Nf3 37.h3 Nh2+ 38.Kg1 Nf3+ 39.Kf1 Ng5 40.h4 Nh3 41.Bg3 Bg2+ 42.Ke1 Nf4
43.Rd7 Bh3 44.Rd6 Ng2+ 45.Kf1 Nxh4+ 46.Ke1 Ng2+ 47.Kf1 Ne3+ 48.Ke1 Nxd1 49.Bxe5+ Kf8
50.Bf6 Kg8 51.Kxd1 Rxa4 52.Rd4 Bg4+ 53.Ke1 Ra1+ 54.Kf2 Ra2+ 55.Kg3 Bf5 56.Rh4 Bh7
57.Rg4+ Bg6 58.Rh4 Bh7 59.Rg4+ Bg6 60.Rh4 Bh7  1/2-1/2

[Event "Seeburg op 1st"]
[Site "Lucern"]
[Date "1999.10.09"]
[Round "3"]
[White "Weeks, Manuel William"]
[Black "Gheorghiu, Florin"]
[Result "1/2-1/2"]
[WhiteElo "2245"]
[BlackElo "2450"]

1.e4 c5 2.Nf3 e6 3.d4 cxd4 4.Nxd4 a6 5.Nc3 Qc7 6.Bd3 Nc6 7.Nxc6 dxc6 8.O-O e5
9.f4 Nf6 10.f5 Bc5+ 11.Kh1 b5 12.Qf3 Bb7 13.a4 O-O-O 14.Nd1 Rd7 15.Be3 Qb6
16.Bxc5 Qxc5 17.Nf2 Rhd8 18.Ra3 Kb8 19.c3 h5 20.b4 Qe7 21.h3 c5 22.Be2 cxb4
23.cxb4 Qxb4 24.axb5 Nxe4 25.Nxe4 Qxe4 26.bxa6 Qxf3 27.Bxf3 Bxf3 28.Rfxf3 Rc7
29.Rfd3 Rd4 30.Kh2 Ka7 31.f6 gxf6 32.Rf3 Rc6 33.Rf5 h4 34.Raf3 Kxa6 35.Rxf6 Rxf6
36.Rxf6+ Kb5 37.Rf5 f6 38.Rxf6 Kc4 39.Kg1 Kd3 40.Kf2 e4 41.Re6 Rd8 42.Ra6 Rf8+
43.Ke1 Rc8 44.Kd1 Ke3 45.Ra3+ Kf2 46.Ra2+ Kf1 47.Kd2 Kxg2 48.Ke3+ Kxh3 49.Kxe4 Kg3
50.Ra3+ Kg4 51.Ke3 Rf8 52.Ra7 h3 53.Rg7+ Kh4 54.Ke2 h2 55.Rh7+ Kg3 56.Rg7+ Kh3
57.Rh7+ Kg2 58.Rg7+ Kh1 59.Rg6 Ra8 60.Kf2 Ra2+ 61.Kf1 Ra1+ 62.Kf2 Rg1 63.Rh6 Rg2+
64.Kf1 Rg8 65.Rh7  1/2-1/2

[Event "Asia-chT"]
[Site "Shenyang"]
[Date "1999.10.11"]
[Round "2"]
[White "Kotsur, Pavel"]
[Black "Kunte, Abhijit"]
[Result "0-1"]
[WhiteElo "2548"]
[BlackElo "2465"]

1.e4 c5 2.Nf3 e6 3.d4 cxd4 4.Nxd4 a6 5.Nc3 b5 6.Bd3 Qb6 7.Nb3 Qc7 8.O-O Bb7
9.Re1 Bd6 10.h3 b4 11.Nb1 Nc6 12.N1d2 Ne5 13.Bf1 g5 14.Nf3 h6 15.Bd2 Nf6
16.Bd3 Rg8 17.Nxe5 Bxe5 18.Bxb4 g4 19.hxg4 Nxg4 20.c3 Bh2+ 21.Kf1 Nxf2 22.Qf3 Nxd3
23.Qxd3 a5 24.Nxa5 Rxa5 25.Bxa5 Qf4+ 26.Qf3 Ba6+ 27.Re2 Qxf3+  0-1

[Event "EU-ch U20 Girls"]
[Site "Patras"]
[Date "1999.10.15"]
[Round "10"]
[White "Virnik, Elena"]
[Black "Goletiani, Rusudan"]
[Result "1/2-1/2"]
[WhiteElo "2154"]
[BlackElo "2386"]

1.e4 c5 2.Nf3 e6 3.d4 cxd4 4.Nxd4 a6 5.Nc3 Qc7 6.Be2 Nf6 7.O-O Be7 8.f4 d6
9.Be3 O-O 10.Qe1 b5 11.Bf3 Bb7 12.e5 dxe5 13.fxe5 Nfd7 14.Qg3 g6 15.Bxb7 Qxb7
16.Rae1 b4 17.Nce2 Nc6 18.Bh6 Rfd8 19.Nxc6 Qxc6 20.Qf4 Qc5+ 21.Kh1 f5 22.exf6 Bxf6
23.Ng3 Qe7 24.Ne4 Be5 25.Qf2 Re8 26.Ng5 Rac8 27.Qf7+ Qxf7 28.Rxf7 Rcd8 29.Rxe5 Nxe5
30.Rg7+ Kh8 31.Rxh7+ Kg8 32.Rg7+  1/2-1/2

[Event "Wichern op 5th"]
[Site "Hamburg"]
[Date "1999.10.17"]
[Round "4"]
[White "Schulz, Wolfgang"]
[Black "Stanke, Juergen"]
[Result "0-1"]
[WhiteElo "2120"]
[BlackElo "2323"]

1.e4 c5 2.Nf3 e6 3.d4 cxd4 4.Nxd4 a6 5.Nc3 Qc7 6.Be3 Nf6 7.a3 d6 8.g4 h6
9.f3 b5 10.Qd2 Bb7 11.O-O-O Nbd7 12.h4 d5 13.g5 hxg5 14.hxg5 Rxh1 15.gxf6 Rxf1
16.Rxf1 Nxf6 17.e5 Nd7 18.Re1 Nb6 19.Bg5 Nc4 20.Qd3 Rc8 21.Bd2 Nxd2 22.Kxd2 Qe7
23.Nce2 b4 24.Qb3 bxa3 25.bxa3 Rc4 26.Rb1 Bc8 27.Ra1 Qc7 28.f4 Bc5 29.Qd3 g6
30.c3 Qa5 31.Nb3 Qb6 32.Nxc5 Qb2+ 33.Qc2 Qxa1 34.Nb3 Qf1 35.Nbd4 Qf2 36.Qb1 Qh4
37.Qb6 Qd8 38.Qb1 Qa5 39.Qh1 Qxa3 40.Qh8+ Qf8 41.Qh4 Bd7 42.Nf3 Bb5 43.Qf6 Qa3
44.Qh8+ Kd7 45.Qg7 Qb2+ 46.Ke1 Kc8 47.Ng5 Rc7  0-1

[Event "Wichern op 5th"]
[Site "Hamburg"]
[Date "1999.10.17"]
[Round "4"]
[White "Shabalov, Alexander"]
[Black "Salov, Sergei"]
[Result "1-0"]
[WhiteElo "2566"]
[BlackElo "2299"]

1.e4 c5 2.Nf3 e6 3.d4 cxd4 4.Nxd4 a6 5.Nc3 Qc7 6.g3 Bb4 7.Bd2 Nf6 8.Bg2 Be7
9.f4 d6 10.g4 Nc6 11.Nb3 b5 12.g5 Nd7 13.Qh5 g6 14.Qh3 Nb6 15.Rd1 b4 16.Ne2 d5
17.f5 exf5 18.exd5 Ne5 19.Bf4 Bd6 20.O-O O-O 21.c3 Nbc4 22.cxb4 Nxb2 23.Rd4 Rb8
24.Rc1 Qe7 25.Qe3 Re8 26.Na5 Bd7 27.Nc6 Bxc6 28.dxc6 Qc7 29.Qd2 Nbc4 30.Rcxc4 Nxc4
31.Rxc4 Qb6+ 32.Qd4 Bxf4 33.Qxb6 Bxh2+ 34.Kxh2 Rxb6 35.Nf4  1-0

[Event "VAM Hoogeveen op"]
[Site "Hoogeveen"]
[Date "1999.10.20"]
[Round "6"]
[White "Werle, Jan"]
[Black "Brodsky, Michail"]
[Result "1/2-1/2"]
[WhiteElo "2216"]
[BlackElo "2512"]

1.e4 c5 2.Nf3 e6 3.d4 cxd4 4.Nxd4 a6 5.Nc3 Qc7 6.Bd3 Nf6 7.O-O Bc5 8.Nb3 Be7
9.Bd2 d6 10.f4 Nc6 11.Qf3 b5 12.e5 dxe5 13.fxe5 Qa7+ 14.Be3 Nxe5 15.Qg3 Qb8
16.Bf4 Qa7+ 17.Be3 Qb8 18.Bf4  1/2-1/2

[Event "Wichern op 5th"]
[Site "Hamburg"]
[Date "1999.10.21"]
[Round "8"]
[White "Hersvik, Daniel"]
[Black "Salov, Sergei"]
[Result "1-0"]
[WhiteElo "2165"]
[BlackElo "2299"]

1.e4 c5 2.Nf3 e6 3.d4 cxd4 4.Nxd4 a6 5.Nc3 Qc7 6.Be3 Nf6 7.Bd3 Nc6 8.O-O Ne5
9.h3 Bc5 10.f4 Nc6 11.Nce2 Qb6 12.c3 Qxb2 13.Kh1 Qb6 14.Rb1 Qa7 15.Qe1 e5
16.Nxc6 dxc6 17.fxe5 Nxe4 18.Bd4 Ng5 19.Qf2 Bxd4 20.Nxd4 O-O 21.Qh4 h6 22.Rf6 Qc5
23.Nf3 Nxf3 24.gxf3 Qe3 25.Rg1 Kh8 26.Be4 Be6 27.Rxe6 fxe6 28.Qe7 Rg8 29.Qxe6 g6
30.Qf6+ Rg7 31.e6 Re8 32.e7 Qc5 33.Rxg6 Qxe7 34.Rxh6+ Kg8 35.Qd4 Qg5 36.Qc4+ Kf8
37.Rh8+ Ke7 38.Qb4+ Kf6 39.Qd6+ Re6 40.Qf8+ Ke5 41.Rh5 Qxh5 42.Qc5+ Kf6 43.Qxh5 Re5
44.Qh6+ Kf7 45.Qf4+ Ke6 46.h4  1-0

[Event "EUCup final 15th"]
[Site "Bugojno"]
[Date "1999.10.30"]
[Round "2"]
[White "Tseitlin, Mark D"]
[Black "Kurajica, Bojan"]
[Result "0-1"]
[WhiteElo "2496"]
[BlackElo "2541"]

1.e4 c5 2.Nf3 e6 3.Nc3 a6 4.d4 cxd4 5.Nxd4 b5 6.g3 b4 7.Na4 Bb7 8.Bg2 Nf6
9.O-O d6 10.Re1 e5 11.Nf5 g6 12.Ne3 Bc6 13.c3 a5 14.Nc4 Nbd7 15.Bd2 Rc8 16.Ne3 bxc3
17.Nxc3 Be7 18.Nc4 Bb7 19.b3 Ba6 20.Bh6 Bxc4 21.bxc4 Bf8 22.Bxf8 Kxf8 23.Qxd6+ Kg7
24.Nd5 Qf8 25.Qa6 Qc5 26.Ne3 Rc6 27.Qb5 Rb8 28.Qa4 Rb2 29.Qd1 Rd6 30.Qc1 Rdd2
31.Rb1 Rxa2 32.Rb5 Qd4 33.Kh1 Nc5 34.Rf1 Nd3 35.Qb1 Nxf2+  0-1

[Event "Chigorin mem"]
[Site "St Petersburg"]
[Date "1999.11.03"]
[Round "2"]
[White "Akhmadeev, Vadim"]
[Black "Terekhov, Andrey"]
[Result "1/2-1/2"]
[WhiteElo "2442"]
[BlackElo "2316"]

1.e4 c5 2.Nf3 e6 3.Nc3 a6 4.d4 cxd4 5.Nxd4 b5 6.Bd3 Qb6 7.Nb3 Bb7 8.Be3 Qc7
9.O-O Nf6 10.a3 Be7 11.f4 d6 12.Qe2 Nbd7 13.Rae1 O-O 14.Kh1 Rfe8 15.Nd4 Bf8
16.Bd2 Nc5 17.b4 Nxd3 18.cxd3 g6 19.Rc1 Qd8 20.Nb3 Rc8 21.e5 Nd7 22.Ne4 Bxe4
23.Qxe4 dxe5 24.fxe5 Bg7 25.d4 Rxc1 26.Rxc1 f6 27.Bf4 fxe5 28.dxe5 Qa8 29.Qxa8 Rxa8
30.Nc5 Nxe5 31.Nxe6 Nd3 32.Rc7 Nxf4 33.Rxg7+ Kh8 34.Re7 Nxe6 35.Rxe6 a5  1/2-1/2

[Event "Chigorin mem"]
[Site "St Petersburg"]
[Date "1999.11.03"]
[Round "2"]
[White "Melnikov, Dmitry"]
[Black "Shaposhnikov, Evgeny"]
[Result "1/2-1/2"]
[WhiteElo "2153"]
[BlackElo "2494"]

1.e4 c5 2.Nf3 e6 3.Nc3 a6 4.d4 cxd4 5.Nxd4 Qc7 6.g3 Bb4 7.Bd2 Nc6 8.Nb3 Nf6
9.Bg2 Be7 10.O-O O-O 11.f4 d6 12.g4 b5 13.a3 Bb7 14.g5 Nd7 15.Rf3 Rfe8 16.Rh3 g6
17.Qe1 b4 18.Qh4 Nf8 19.f5 bxc3 20.f6 h5 21.Bxc3 e5 22.fxe7 Qxe7 23.Rf3 Ne6
24.Rf6 Nf4 25.Bf3 Nd8 26.Rxf4 exf4 27.Bf6 Qf8 28.Bxh5 Ne6  1/2-1/2

[Event "Wch U14"]
[Site "Oropesa del Mar"]
[Date "1999.11.04"]
[Round "10"]
[White "Venkatesh, MR."]
[Black "Volokitin, Andrei"]
[Result "0-1"]
[WhiteElo "2181"]
[BlackElo "2307"]

1.e4 c5 2.Nf3 e6 3.d4 cxd4 4.Nxd4 a6 5.Nc3 Qc7 6.Be2 Nc6 7.O-O Nf6 8.Be3 Be7
9.f4 d6 10.a4 O-O 11.Kh1 Re8 12.Bf3 Rb8 13.g4 Nd7 14.Bg2 b6 15.g5 Bb7 16.Qh5 Bf8
17.Nde2 Nb4 18.Rac1 g6 19.Qh3 Bg7 20.Bd2 Nc5 21.Nd1 Nxe4 22.Bxb4 Qc4 23.Qa3 Qxe2
24.Re1 Nf2+ 25.Nxf2 Qxf2 26.Bxb7 Rxb7 27.Bxd6 Rd7 28.Red1 Red8 29.Rd3 Rxd6
30.Rxd6 Rxd6 31.Qxd6 Qf3+ 32.Kg1 Qe3+ 33.Kg2 Qxc1 34.Qd8+ Bf8 35.Qxb6 Qxc2+
36.Kf3 Qxa4 37.b3 Qb5 38.Qe3 Bc5 39.Qd2 Qxb3+ 40.Kg4 Qd5 41.Qb2 Qd1+ 42.Kg3 Qe1+  0-1

[Event "Wch U16 Girls"]
[Site "Oropesa del Mar"]
[Date "1999.11.05"]
[Round "11"]
[White "Georgieva, Liubka"]
[Black "Szabo, Virag"]
[Result "1/2-1/2"]
[WhiteElo "2162"]
[BlackElo "2030"]

1.e4 c5 2.Nf3 e6 3.d4 cxd4 4.Nxd4 a6 5.Nc3 b5 6.g3 b4 7.Na4 Bb7 8.Bg2 Nf6
9.f3 Qc7 10.O-O d5 11.e5 Nfd7 12.f4 Nc6 13.c4 bxc3 14.bxc3 Be7 15.f5 Ndxe5
16.fxe6 O-O 17.exf7+ Rxf7 18.Bxd5 Nxd4 19.Bxf7+ Nxf7 20.cxd4 Rd8 21.Qb3 Bf6
22.Be3 Qc6 23.d5 Rxd5 24.Rac1 Rc5  1/2-1/2

[Event "Chigorin mem"]
[Site "St Petersburg"]
[Date "1999.11.06"]
[Round "5"]
[White "Lukin, Andrei M"]
[Black "Galkin, Alexander"]
[Result "1/2-1/2"]
[WhiteElo "2438"]
[BlackElo "2535"]

1.e4 c5 2.Nf3 e6 3.d4 cxd4 4.Nxd4 a6 5.Nc3 d6 6.f4 Nf6 7.Qf3 Qb6 8.Nb3 Nc6
9.Be3 Qc7 10.Bd3 b5 11.O-O Bb7 12.a4 b4 13.Ne2 Be7 14.Ned4 Nxd4 15.Bxd4 O-O
16.Qg3 Nh5 17.Qg4 Nf6 18.Qg3 Nh5 19.Qg4  1/2-1/2

[Event "ESP-chT Div 1"]
[Site "Cala Galdana"]
[Date "1999.11.09"]
[Round "2"]
[White "Oms Pallise, Josep"]
[Black "Garcia Padron, Jose"]
[Result "1-0"]
[WhiteElo "2412"]
[BlackElo "2451"]

1.Nf3 c5 2.e4 e6 3.Nc3 a6 4.d4 cxd4 5.Nxd4 b5 6.Bd3 Bb7 7.O-O Qc7 8.Kh1 Nc6
9.Nxc6 Qxc6 10.Qe2 Nf6 11.f3 b4 12.Nd1 Be7 13.Ne3 Qc7 14.a3 bxa3 15.b3 Bd6
16.Nc4 Bc5 17.Bxa3 d5 18.exd5 Nxd5 19.Bxc5 Qxc5 20.Qe5 O-O 21.Na5 Bc8 22.c4 Qc7
23.Qxc7 Nxc7 24.f4 Bd7 25.Rfd1 Be8 26.Be4 Rb8 27.Rd6 f5 28.Bf3 Kf7 29.Rad1 Ke7
30.g3 h6 31.Bc6 Bh5 32.R1d4 Kf6 33.Nb7 Ne8 34.Rd7 Rc8 35.Bg2 Rf7 36.c5 Rxd7
37.Rxd7 Be2 38.b4 Bb5 39.Rd1 g5 40.Kg1 Rc7 41.Kf2 Re7 42.Nd6 Nxd6 43.Rxd6 Rd7
44.Rxd7 Bxd7 45.Bb7  1-0

[Event "SLO-chT"]
[Site "Bled"]
[Date "1999.11.11"]
[Round "4"]
[White "Perus, Danilo"]
[Black "Soln, Primoz"]
[Result "0-1"]
[WhiteElo "2345"]
[BlackElo "2411"]

1.e4 c5 2.Nf3 e6 3.d4 cxd4 4.Nxd4 a6 5.Nc3 b5 6.a3 Bb7 7.Be2 d6 8.Bh5 g6
9.Bf3 Nd7 10.h4 Ne5 11.h5 Bg7 12.Be2 Rc8 13.Be3 Nf6 14.hxg6 hxg6 15.Rxh8+ Bxh8
16.Qd2 Nxe4 17.Nxe4 Bxe4 18.a4 Nc4 19.Bxc4 bxc4 20.f3 Qh4+ 21.Qf2 Qh1+ 22.Qg1 Qxg1+
23.Bxg1 Ba8 24.c3 e5 25.Nc2 Kd7 26.O-O-O Ke6 27.Be3 Bc6 28.a5 Ba4 29.Rh1 Bxc2
30.Kxc2 d5 31.Re1 Bg7 32.f4 f6 33.g4 Rh8 34.g5 Rh2+ 35.Kb1 e4 36.Rg1 f5 37.Rf1 Kd6
38.Bg1 Rh3 39.Ba7 Kc6 40.Bb8 d4 41.cxd4 Bxd4 42.Rc1 Kd5 43.Rd1 Rb3 44.Bc7 Rxb2+
45.Kc1 Ra2  0-1